| 000 | 00423nam a2200157Ia 4500 | ||
|---|---|---|---|
| 008 | 210716s2001 xx 000 0 und d | ||
| 020 | _a817596071x | ||
| 041 | _aeng | ||
| 082 | _a005.453 APPA | ||
| 100 | _aAppel, Andrew W; Ginsburg, Maia. | ||
| 245 | _aModern compiler implementation in c. | ||
| 250 | _a1 | ||
| 260 |
_aNew Delhi _bCambridge University Press _c2001 |
||
| 300 | _ax,544 | ||
| 650 | _aCompilers(005.453) | ||
| 999 |
_c185048 _d185048 |
||